000 01131nam a2200253 i 4500
001 100823
003 ES-MaACL
005 20251011063120.0
007 t|
008 051005s1947 sp ||||1| spa d
100 1 _aMatilla Tascón, Antonio,
_d1914-2001
_979079
245 1 3 _aLa única contribución y el Catastro de la Ensenada /
_cpor A. Matilla Tascón.
260 _aMadrid :
_b[s.n.],
_c1947 (
_fSucs. J. Sánchez de Ocaña)
300 _a1 lám., XII, 602 p., 3 lám. pleg. ;
_c24 cm.
500 _aPrecede al tít.: Servicio de Estudios de la Inspección General del Ministerio de Hacienda.
510 _aCCPB,
_c001009387-7
600 1 7 _9126942
_aEnsenada, Zenón de Somodevilla y Bengoechea
_c, Marqués de la
710 1 _aEspaña.
_bMinisterio de Hacienda.
_bInspección General.
_93875
852 _aES-MaACL
_jD-6573
_bR.30761
_bR.M.6164
_9104590
_cSVI
_fSello en tinta azul de la Biblioteca del Ateneo de Madrid
942 _2udc
_cMONOGRAFIA
999 _c100823
_d100823